[Event "Madrid-ch sf-A"]
[Site "Madrid"]
[Date "2016.03.16"]
[Round "6"]
[White "Cabanas Bravo, Juan Andres"]
[Black "Martos de la Vega, Alvaro"]
[Result "1-0"]
[WhiteElo "2009"]
[BlackElo "1990"]
[PlyCount "55"]
[EventDate "2016.03.07"]
[EventType "swiss"]
[EventRounds "9"]
[EventCountry "ESP"]
[SourceTitle "EXT 2017"]
[Source "ChessBase"]
[SourceDate "2016.10.25"]
[SourceVersion "1"]
[SourceVersionDate "2016.10.25"]
[SourceQuality "1"]

1. e4 c5 2. Nf3 d6 3. d4 cxd4 4. Nxd4 Nf6 5. Nc3 a6 6. Bg5 e6 7. f4 Be7 8. Qf3 Nbd7 9. Bc4 h6 10. Bxf6 Bxf6 11. 0-0-0 Qb6 12. Nxe6 fxe6 13. Qh5+ Ke7 14. e5 dxe5 15. Rhe1 Nc5 16. fxe5 Bg5+ 17. Kb1 Rd8 18. Qg6 Rd7 19. Nd5+ Rxd5 20. Rxd5 Nd7 21. Rdd1 Kd8 22. Bxe6 Kc7 23. Qf7 Kb8 24. Bxd7 Ka7 25. Qxg7 Bxd7 26. Qxd7 Rd8 27. Qf5 Qb4 28. Qf2+ 1-0

[Event "Madrid-ch"]
[Site "Madrid"]
[Date "2015.02.11"]
[Round "6"]
[White "Fernandez Garcia, Ignacio"]
[Black "Martos de la Vega, Alvaro"]
[Result "0-1"]
[WhiteElo "1836"]
[BlackElo "1933"]
[PlyCount "62"]
[EventDate "2015.02.02"]
[EventType "swiss"]
[EventRounds "9"]
[EventCountry "ESP"]
[SourceTitle "CBM 164 Extra"]
[Source "ChessBase"]
[SourceDate "2015.03.02"]
[SourceVersion "1"]
[SourceVersionDate "2015.03.02"]
[SourceQuality "1"]

1. e4 c5 2. c3 d5 3. e5 Nc6 4. d4 cxd4 5. cxd4 Qb6 6. Nc3 e6 7. Nf3 Nge7 8. Bd3 Bd7 9. Na4 Qc7 10. Nc5 Nxd4 11. Nxd7 Nxf3+ 12. Qxf3 Qxd7 13. 0-0 Nc6 14. Bf4 a6 15. Rad1 g6 16. Bb1 Bg7 17. Rfe1 0-0 18. Qd3 Qc7 19. h4 Rfd8 20. h5 Rac8 21. Bg5 Bxe5 22. Bxd8 Qxd8 23. hxg6 hxg6 24. Qh3 Kg7 25. b3 Qf6 26. Rd3 Rh8 27. Qf3 Qh4 28. Qh3 Qb4 29. Qe3 Bh2+ 30. Kf1 Bf4 31. a3 Rh1+ 0-1

[Event "Madrid San Viator op 23rd"]
[Site "Madrid"]
[Date "2014.10.19"]
[Round "4"]
[White "Martos de la Vega, Alvaro"]
[Black "Del Noval Perez, Jeronimo"]
[Result "1-0"]
[WhiteElo "1951"]
[BlackElo "1448"]
[PlyCount "95"]
[EventDate "2014.09.28"]
[EventType "swiss"]
[EventRounds "9"]
[EventCountry "ESP"]
[SourceTitle "EXT 2016"]
[Source "ChessBase"]
[SourceDate "2015.10.08"]
[SourceVersion "1"]
[SourceVersionDate "2015.10.08"]
[SourceQuality "1"]

1. d4 d5 2. c4 e6 3. Nc3 Nf6 4. cxd5 exd5 5. Bg5 Be7 6. Qc2 c6 7. e3 Nbd7 8. Bd3 h6 9. Bh4 0-0 10. Nge2 Re8 11. 0-0 Qc7 12. Bg3 Bd6 13. Nb5 cxb5 14. Qxc7 Bxc7 15. Bxc7 a6 16. Rfc1 Nf8 17. Be5 Ng4 18. Bg3 Be6 19. Rc7 b6 20. Rb7 Nd7 21. Rc1 Rec8 22. Rbc7 Rxc7 23. Rxc7 Ngf6 24. h3 b4 25. Rc6 b5 26. Bd6 Ne4 27. Bxb4 Nb8 28. Rc1 a5 29. Be1 b4 30. f3 Nf6 31. Nf4 Bd7 32. Bc2 g5 33. Nd3 Bb5 34. Nc5 Nbd7 35. Bf5 Ra7 36. Nxd7 Nxd7 37. Rc8+ Kg7 38. Bg3 Nb6 39. Rc5 Be8 40. Kf2 Kf6 41. Bd3 Ke6 42. h4 Na4 43. Rc2 f6 44. Ke2 Bd7 45. Be1 Kd6 46. b3 Nb6 47. g4 Rc7 48. Bg3+ 1-0

[Event "Madrid-ch sf-A"]
[Site "Madrid"]
[Date "2014.03.12"]
[Round "1"]
[White "Martos de la Vega, Alvaro"]
[Black "Lopez de Turiso, Jose Angel"]
[Result "0-1"]
[WhiteElo "1958"]
[BlackElo "2127"]
[PlyCount "56"]
[EventDate "2014.03.10"]
[EventType "swiss"]
[EventRounds "9"]
[EventCountry "ESP"]
[SourceTitle "EXT 2015"]
[Source "ChessBase"]
[SourceDate "2014.11.20"]
[SourceVersion "1"]
[SourceVersionDate "2014.11.20"]
[SourceQuality "1"]

1. d4 f5 2. e4 fxe4 3. Nc3 Nf6 4. Bg5 Nc6 5. d5 Ne5 6. Qe2 Nf7 7. h4 c6 8. 0-0-0 cxd5 9. Nxd5 e6 10. Bxf6 gxf6 11. Qxe4 Bh6+ 12. Kb1 0-0 13. Nc3 d5 14. Qg4+ Kh8 15. Qh5 f5 16. g4 fxg4 17. Ne4 Qe7 18. Ng5 Nxg5 19. hxg5 Bxg5 20. f3 Bd7 21. Bd3 Rf7 22. Qxg4 e5 23. Qh5 Rc8 24. Bg6 Rg7 25. Rxd5 Bc6 26. Rd1 e4 27. Qh3 Bd7 28. Bf5 Qc5 0-1

[Event "Madrid-ch sf-A"]
[Site "Madrid"]
[Date "2013.03.20"]
[Round "7"]
[White "Merino Araguas, Jose Javier"]
[Black "Martos de la Vega, Alvaro"]
[Result "1/2-1/2"]
[WhiteElo "1824"]
[BlackElo "1973"]
[PlyCount "47"]
[EventDate "2013.03.11"]
[EventType "swiss"]
[EventRounds "9"]
[EventCountry "ESP"]
[SourceTitle "CBM 153 Extra"]
[Source "ChessBase"]
[SourceDate "2013.04.22"]
[SourceVersion "1"]
[SourceVersionDate "2013.04.22"]
[SourceQuality "1"]

1. e4 c5 2. Nf3 d6 3. d4 cxd4 4. Nxd4 Nf6 5. Nc3 a6 6. Be2 e5 7. Nb3 Be7 8. 0-0 0-0 9. a4 Be6 10. Be3 Nbd7 11. a5 Nc5 12. Nxc5 dxc5 13. Qxd8 Rfxd8 14. Rfd1 Kf8 15. f3 Rxd1+ 16. Rxd1 Ke8 17. Na4 Nd7 18. b3 Rc8 19. Nb2 f6 20. Bc4 Nf8 21. Kf2 Bxc4 22. Nxc4 Rc6 23. g3 g5 24. Ke2 1/2-1/2

[Event "Madrid-ch sf-A"]
[Site "Madrid"]
[Date "2013.03.14"]
[Round "4"]
[White "Martos de la Vega, Alvaro"]
[Black "Ballesteros Gonzalez, David"]
[Result "0-1"]
[WhiteElo "1973"]
[BlackElo "2231"]
[PlyCount "106"]
[EventDate "2013.03.11"]
[EventType "swiss"]
[EventRounds "9"]
[EventCountry "ESP"]
[SourceTitle "CBM 153 Extra"]
[Source "ChessBase"]
[SourceDate "2013.04.22"]
[SourceVersion "1"]
[SourceVersionDate "2013.04.22"]
[SourceQuality "1"]

1. d4 Nf6 2. c4 g6 3. Nc3 Bg7 4. e4 d6 5. Nf3 0-0 6. Be2 e5 7. 0-0 Nbd7 8. dxe5 dxe5 9. Qc2 c6 10. Rd1 Qe7 11. a3 a5 12. Rb1 Nh5 13. b4 axb4 14. axb4 Nf4 15. Bf1 Ne6 16. c5 f5 17. Bc4 Kh8 18. exf5 gxf5 19. Bxe6 Qxe6 20. Rd6 Qc4 21. Nd2 Qh4 22. Ne2 e4 23. Nc4 Nf6 24. g3 Qg4 25. Nf4 Bh6 26. Nb6 Rb8 27. h3 Qg8 28. Bb2 Bg7 29. Nxc8 Rbxc8 30. Ne6 Rf7 31. Rbd1 Re8 32. Rd8 h6 33. Rxe8 Nxe8 34. Nxg7 Nxg7 35. Rd6 Kh7 36. Bc1 Qa8 37. Rxh6+ Kg8 38. Qc4 Qd8 39. Rd6 Qe7 40. h4 Ne8 41. Rg6+ Kh7 42. Rh6+ Kg8 43. Bb2 Ng7 44. h5 e3 45. Kf1 exf2 46. Bc3 Qe4 47. Qxe4 fxe4 48. Rg6 e3 49. Rxg7+ Rxg7 50. Bxg7 Kxg7 51. g4 Kh6 52. Ke2 Kg5 53. Kf1 Kf4 0-1

[Event "Madrid-ch Previa-A"]
[Site "Madrid"]
[Date "2012.02.20"]
[Round "7"]
[White "Martos de la Vega, Alvaro"]
[Black "Ruiz Sanchez, Roberto"]
[Result "1/2-1/2"]
[WhiteElo "1935"]
[BlackElo "1976"]
[PlyCount "47"]
[EventDate "2012.02.06"]
[EventType "swiss"]
[EventRounds "9"]
[EventCountry "ESP"]
[SourceTitle "CBM 147 Extra"]
[Source "ChessBase"]
[SourceDate "2012.04.24"]
[SourceVersion "1"]
[SourceVersionDate "2012.04.24"]
[SourceQuality "1"]

1. d4 d5 2. c4 c6 3. Nf3 Nf6 4. e3 e6 5. Bd3 Bd6 6. b3 0-0 7. 0-0 Nbd7 8. Bb2 Ne4 9. Ne5 f5 10. f3 Ng5 11. Nd2 Nf6 12. Qe2 Bd7 13. c5 Be7 14. e4 fxe4 15. fxe4 Be8 16. Qe3 Ngxe4 17. Nxe4 Nxe4 18. Rxf8+ Bxf8 19. Bxe4 dxe4 20. Qxe4 Qd5 21. Qg4 Be7 22. Re1 Bf6 23. Nc4 Bf7 24. Nd6 1/2-1/2

[Event "Mostoles Bicentenary op"]
[Site "Mostoles"]
[Date "2008.05.27"]
[Round "6"]
[White "Martos de la Vega, Alvaro"]
[Black "Arauz Alonso, Fernando"]
[Result "0-1"]
[WhiteElo "1858"]
[BlackElo "2051"]
[PlyCount "120"]
[EventDate "2008.05.20"]
[EventType "swiss"]
[EventRounds "9"]
[EventCountry "ESP"]
[SourceTitle "CBM 124 Extra"]
[Source "ChessBase"]
[SourceDate "2008.07.03"]
[SourceVersion "1"]
[SourceVersionDate "2008.07.03"]
[SourceQuality "1"]

1. d4 Nf6 2. c4 g6 3. Nc3 Bg7 4. e4 d6 5. Nf3 0-0 6. Be2 e5 7. 0-0 Nc6 8. d5 Ne7 9. b4 Ne8 10. a4 f5 11. Ba3 fxe4 12. Nxe4 Bf5 13. Bd3 Nf6 14. Re1 Kh8 15. Bc1 c6 16. Nxf6 Bxf6 17. Bh6 Re8 18. Ng5 Qc7 19. Ne4 Bxe4 20. Bxe4 Rac8 21. Rc1 c5 22. bxc5 Qxc5 23. Be3 Qa5 24. c5 Red8 25. Rb1 dxc5 26. Rxb7 Nxd5 27. Bd2 Qa6 28. Rf7 Nc3 29. Qc2 Nxe4 30. Rxe4 Qd6 31. Be1 Rd7 32. Rxd7 Qxd7 33. Rc4 Qd5 34. f3 Be7 35. Bf2 Rb8 36. Bxc5 Bxc5+ 37. Rxc5 Qd4+ 38. Kf1 Qa1+ 39. Qc1 Rb1 40. Rc8+ Kg7 41. Rc7+ Kf6 42. Rc6+ Ke7 43. Rc7+ Kd6 44. Rc6+ Kd5 45. Rc5+ Kd4 46. Rc4+ Kd3 47. Rc3+ Qxc3 48. Qxb1+ Ke3 49. Qe4+ Kd2 50. Qe1+ Kc2 51. Qe4+ Qd3+ 52. Qxd3+ Kxd3 53. a5 Kc4 54. Ke2 Kb5 55. a6 Kxa6 56. Kd3 Kb5 57. Kc3 g5 58. g3 Kc5 59. h4 h6 60. h5 a5 0-1